|
|
|
|
| LEADER |
00989nam a2200289 a 4500 |
| 001 |
AAL5678 |
| 003 |
BD-DhAAL |
| 005 |
20160210170136.0 |
| 008 |
150209s1996 nyua 001 0 eng |
| 010 |
|
|
|a 95045557
|
| 020 |
|
|
|a 0471100420 (cloth : alk. paper)
|
| 040 |
|
|
|a DLC
|c DLC
|d DLC
|d BD-DhAAL
|
| 050 |
0 |
0 |
|a QD33
|b .B82 1996
|
| 082 |
0 |
0 |
|a 540
|2 20
|
| 999 |
|
|
|c 33621
|d 33621
|
| 999 |
|
|
|c 33621
|
| 100 |
1 |
|
|a Brady, James E.,
|d 1938-
|9 8112
|
| 245 |
1 |
0 |
|a Chemistry :
|b the study of matter and its changes /
|c James E. Brady, John R. Holum.
|
| 250 |
|
|
|a 2nd ed.
|
| 260 |
|
|
|a New York :
|b J. Wiley,
|c c1996.
|
| 300 |
|
|
|a 1 v. (various pagings) :
|b ill. (some col.) ;
|c 26 cm.
|
| 500 |
|
|
|a Includes index.
|
| 541 |
|
|
|e 5678
|
| 650 |
|
0 |
|a Chemistry.
|9 8104
|
| 700 |
1 |
|
|a Holum, John R.
|9 8113
|
| 942 |
|
|
|2 ddc
|c BK
|
| 952 |
|
|
|0 0
|1 0
|2 ddc
|4 0
|6 540_000000000000000_BRA
|7 0
|9 52513
|a SCL
|b SCL
|c GEN
|d 2015-02-09
|e Gift: The Asia Foundation
|l 1
|o 540 BRA
|p 3020005678
|r 2019-05-23
|s 2019-05-16
|t 1
|w 2015-02-09
|y BK
|